[Event "82nd Tata Steel Masters 2020"]
[Site "Wijk aan Zee"]
[Date "2020.01.19"]
[Round "8.3"]
[White "Yu, Yangyi"]
[Black "Duda, Jan-Krzysztof"]
[Result "0-1"]
[WhiteElo "2726"]
[BlackElo "2758"]
[Annotator "TA"]
[PlyCount "136"]
[EventDate "2020.01.11"]
[EventType "tourn"]
[EventCountry "NED"]
[SourceTitle "playchess.com"]
[Source "ChessBase"]
[SourceQuality "1"]

{[%evp 17,136,30,39,28,33,24,24,24,30,27,27,25,27,27,28,29,28,0,0,0,0,0,0,-5,-8,-7,0,0,0,0,0,-19,-18,-25,-18,-37,-46,-45,-62,-58,-61,-69,-69,-84,-41,-45,-45,-49,-51,-47,-51,-67,-67,-102,-112,-86,-68,-357,-367,-367,-364,-344,-349,-349,-338,-385,-342,-400,-400,-400,-396,-372,-363,-394,-377,-594,-568,-506,-416,-699,-698,-682,-633,-1056,-1062,-1022,-916,-680,-562,-2672,-2226,-1984,-1704,-7050,-5968,-12792,-9439,-29977,-29972,-29978,-29979,-29976,-29980,-29980,-29981,-29989,-29990,-29990,-29991,-29991,-29988,-29988,-29989,-29990,-29991,-29992,-29993,-29995,-29996,-29997,-29998]} 1. e4 c5 2. Nf3 Nc6 3. d4 cxd4 4. Nxd4 g6 5. Nc3 Bg7 6. Be3 Nf6 7. Bc4 Qa5 8. O-O O-O 9. Bb3 d6 10. Nd5 {B35: Sicilian: Accelerated Dragon with 5 Nc3: main line} Re8 (10... Qd8 11. f3 Nxd5 12. exd5 Nxd4 13. Bxd4 Bxd4+ 14. Qxd4 Qb6 15. Qxb6 axb6 16. Rfe1 Re8 17. Re4 Bd7 {½-½ (132) Nepomniachtchi,I (2773)-Duda,J (2748) Hamburg 2019}) 11. Nxf6+ Bxf6 12. c3 {White has an edge.} Bd7 13. f4 Nxd4 14. Bxd4 Bxd4+ 15. Qxd4 Qc5 {[#]} 16. Qxc5 $146 ({Predecessor:} 16. Rad1 Bb5 17. Rf2 Qxd4 18. Rxd4 {½-½ (36) Pavasovic,D (2601)-Barle,J (2396) Bled 2008}) 16... dxc5 17. Kf2 e5 18. Ke3 exf4+ 19. Rxf4 Be6 20. Rd1 Bxb3 21. axb3 $11 {[%mdl 4096] Endgame KRR-KRR} Re7 22. Rd5 b6 23. Kd3 Rae8 24. b4 cxb4 25. cxb4 Kg7 26. Rd4 Rc7 27. Rf1 Re6 28. Rf2 Rec6 29. e5 Rc1 30. Re2 Rd1+ 31. Ke4 Rf1 32. Kd3 h5 33. g3 Rf3+ 34. Ke4 Rb3 35. Rf2 Re7 36. Kf4 Kh6 37. Ke4 $2 {[%mdl 8192]} (37. Rc2 $1 $15) 37... f5+ $19 38. Kd5 Rd7+ 39. Kc4 {[#]} Rxb4+ $1 {[%mdl 576] Deflection} 40. Kxb4 Rxd4+ {KR-KR} 41. Kb5 Rd5+ 42. Ka6 Ra5+ 43. Kb7 Rxe5 44. Kxa7 Rb5 45. h4 Rb3 46. Rc2 (46. Rd2 $142 Kg7 47. Kb7) 46... b5 47. Kb6 b4 48. Kb5 (48. Rg2 $142 Rf3 49. Kc5) 48... Rxg3 49. Kxb4 Rg4+ {[%mdl 64] Double Attack} 50. Kc5 Rxh4 51. b4 Re4 52. b5 Re8 {...Rc8+ is the strong threat.} 53. Rb2 g5 54. b6 g4 55. b7 Rb8 56. Kd4 Kg5 57. Ke3 h4 {Black mates.} 58. Rb5 h3 59. Kf2 h2 ({Inferior is} 59... Kf4 60. Rb4+ Kg5 61. Kg3 $11) 60. Kg2 {[#]} g3 $1 61. Kh1 (61. Kxg3 h1=Q) 61... Kg4 62. Rb6 f4 63. Rg6+ Kh4 64. Rh6+ Kg5 65. Rb6 Rh8 66. Rb1 f3 {[%csl Gf3][%cal Rg3g2]} 67. Rb5+ Kg4 {[%csl Gf3][%cal Rg3g2]} 68. Rb4+ Kh3 {Accuracy: White = 41%, Black = 87%.} 0-1

[Event "82nd Tata Steel Masters 2020"]
[Site "Wijk aan Zee"]
[Date "2020.01.19"]
[Round "8.4"]
[White "Dubov, Daniil"]
[Black "So, Wesley"]
[Result "1/2-1/2"]
[WhiteElo "2683"]
[BlackElo "2765"]
[Annotator "TA"]
[PlyCount "39"]
[EventDate "2020.01.11"]
[EventType "tourn"]
[EventCountry "NED"]
[SourceTitle "playchess.com"]
[Source "ChessBase"]
[SourceQuality "1"]

{[%evp 22,29,0,9,9,0,20,11,11,0]} 1. d4 Nf6 2. c4 e6 3. Nf3 d5 4. Nc3 Bb4 5. Bg5 h6 6. Bxf6 Qxf6 7. e3 O-O 8. Qb3 c5 9. cxd5 exd5 10. dxc5 Bxc3+ 11. Qxc3 Qxc3+ 12. bxc3 {The position is equal.} Nd7 {D38: Queen's Gambit Declined: Ragozin Defence (4 Nf3 Bb4)} 13. Rd1 Nf6 14. c4 (14. Nd4 Bd7 15. f3 Rfc8 16. Nb3 Kf8 17. Bd3 b6 18. cxb6 axb6 19. Ra1 Rxc3 20. Kd2 {½-½ (35) Ding,L (2801)-Giri,A (2776) Kolkata 2019}) 14... Be6 15. Nd4 {[#]} {Predecessor:} Rfc8 $146 16. Nxe6 fxe6 17. cxd5 Nxd5 18. Rc1 Rc7 19. e4 Nf6 20. Bd3 {½-½ (35) Sarana,A (2655)-Motylev,A (2668) Izhevsk 2019} 1/2-1/2

[Event "82nd Tata Steel Masters 2020"]
[Site "Wijk aan Zee"]
[Date "2020.01.19"]
[Round "8.5"]
[White "Van Foreest, Jorden"]
[Black "Firouzja, Alireza"]
[Result "1/2-1/2"]
[WhiteElo "2644"]
[BlackElo "2723"]
[Annotator "TA"]
[PlyCount "73"]
[EventDate "2020.01.11"]
[EventType "tourn"]
[EventCountry "NED"]
[SourceTitle "playchess.com"]
[Source "ChessBase"]
[SourceQuality "1"]

{[%evp 10,73,24,-18,0,0,0,0,2,2,7,0,9,10,5,6,47,41,43,35,31,29,21,22,19,29,57,27,14,20,25,0,10,0,18,21,44,14,25,18,27,6,12,12,12,8,12,12,12,15,18,18,18,19,32,44,39,8,8,12,9,0,0,0,0,0]} 1. e4 c5 2. Nf3 d6 3. d4 cxd4 4. Nxd4 Nf6 5. Nc3 a6 6. Rg1 Nc6 {B90: Sicilian Najdorf: Unusual White 6th moves, 6 Be3 Ng4 and 6 Be3 e5} (6... b5 7. a4 b4 8. Nd5 e6 9. Nxf6+ Qxf6 10. Be3 Bb7 11. Qd2 Bxe4 12. f3 Bd5 13. Bg5 Qe5+ 14. Kf2 Nc6 {1-0 (35) Motylev,A (2654)-Kokarev,D (2609) Yaroslavl 2019}) 7. g4 g6 8. g5 Nd7 9. h4 $146 ({Predecessor:} 9. Be3 Bg7 10. Qd2 Nde5 11. Be2 Na5 12. b3 Bd7 13. Nd5 O-O 14. O-O-O {1-0 (30) Moradiabadi,E (2439)-Ibrayev,N (2516) Moscow 2005}) 9... Nxd4 10. Qxd4 Ne5 {[#] And now ...Nf3+ would win.} 11. Kd1 {White wants to play f4.} Rg8 {...Nf3 is the strong threat.} 12. Nd5 $36 {[%mdl 2048] White has good play.} Be6 {aiming for ...Nf3.} 13. Qb4 Rb8 14. f4 Nc6 15. Qb6 Qxb6 16. Nxb6 Bg7 {[#] Hoping for ...Bd4.} 17. c3 f5 18. gxf6 Bxf6 19. Nd5 Kd7 ({Much worse is} 19... Bxh4 $6 20. Nc7+ Kd7 21. Nxe6 $16) 20. Rh1 Bg4+ 21. Be2 Bxe2+ 22. Kxe2 b5 23. Be3 Bg7 24. Rad1 b4 25. e5 bxc3 26. bxc3 Rb2+ 27. Kf3 Rf8 {Threatens to win with ...Nxe5+.} 28. exd6 exd6 29. Rb1 Rb5 30. Rxb5 axb5 31. Rb1 Rb8 32. h5 gxh5 33. Rg1 Bh8 {The position is equal.} 34. Rg5 Ne7 35. Nxe7 Kxe7 36. Rxh5 Bxc3 37. Ke4 {Accuracy: White = 74%, Black = 64%.} 1/2-1/2

[Event "82nd Tata Steel Masters 2020"]
[Site "Wijk aan Zee"]
[Date "2020.01.19"]
[Round "8.6"]
[White "Caruana, Fabiano"]
[Black "Anand, Viswanathan"]
[Result "1-0"]
[WhiteElo "2822"]
[BlackElo "2758"]
[Annotator "TA"]
[PlyCount "121"]
[EventDate "2020.01.11"]
[EventType "tourn"]
[EventCountry "NED"]
[SourceTitle "playchess.com"]
[Source "ChessBase"]
[SourceQuality "1"]

{[%evp 9,121,16,17,7,24,9,31,35,31,24,18,0,0,0,58,46,47,64,59,0,22,-14,0,0,0,-8,-10,-18,-6,0,0,0,0,0,0,0,0,0,0,0,0,0,0,0,0,0,0,0,0,-10,0,0,0,0,0,0,0,-7,0,0,0,0,0,0,0,-152,-150,-161,-167,-174,-168,-234,-210,-370,-369,-312,-281,-281,-281,-304,-281,-281,-281,-281,-139,-139,-20,-20,-20,-20,0,0,0,0,0,0,0,3,181,210,12833,12833,12833,12834,12835,12835,12836,12835,12837,12837,12837,12838,12838,12839]} 1. d4 Nf6 2. c4 e6 3. Nf3 d5 4. Nc3 Bb4 5. cxd5 exd5 6. Bf4 {D38: Queen's Gambit Declined: Ragozin Defence (4 Nf3 Bb4)} (6. Bg5 h6 7. Bh4 O-O 8. e3 Bf5 9. Qb3 Bxc3+ 10. bxc3 Nbd7 11. Be2 c5 12. dxc5 g5 13. Bg3 Nxc5 14. Qb4 Nce4 15. O-O Nxg3 16. hxg3 {½-½ (33) Cheparinov,I (2687)-Grischuk,A (2777) Moscow 2019}) 6... O-O 7. e3 Bf5 8. Qb3 {White is slightly better.} Nc6 9. Bg5 a5 10. Bxf6 Qxf6 11. a3 a4 ({Black should try} 11... Bxc3+ $1 $11 12. Qxc3 Rfe8) 12. Qxd5 $14 Bxc3+ $146 ({Predecessor:} 12... Ra5 13. Qc4 b5 14. Qe2 {0-1 (26) Olah,G (1992)-Szurovszky,E (2124) Hungary 2012}) 13. bxc3 Na5 14. Qe5 Qc6 $1 {[%cal Rc6c3]} 15. c4 Nb3 $36 {[%mdl 2048] Black fights for an advantage.} 16. Qxf5 Nxa1 17. Bd3 {[%csl Gd3][%cal Rf5h7]} g6 18. Qf4 Nb3 19. O-O Qd6 20. Qh6 {White threatens Ng5 and mate.} Qf6 21. c5 b6 22. cxb6 cxb6 23. Ne5 Rfc8 24. f4 Rc1 25. Rxc1 Nxc1 26. Bc4 Ra7 27. Ng4 Qd6 $1 28. Qg5 {And now Nf6+ would win.} Qe7 29. Qb5 Kg7 {Strongly threatening ...Rc7.} 30. f5 {f6+ is the strong threat.} (30. Qxb6 Rb7 $17) 30... f6 31. Qd5 {[%csl Gc4][%cal Rd5g8]} Qf8 32. fxg6 hxg6 33. e4 Qc8 34. h3 Rd7 35. Qe6 {[%mdl 64] Double Attack} Qd8 36. e5 {[%cal Re5f6]} (36. Nxf6 Re7 $17) 36... f5 $1 {[%cal Rf5g4]} 37. Qf6+ $2 ({White should play} 37. Nf6 $11 Re7 38. Qd6 (38. Qd5 Qxd5 39. Nxd5 Rb7 $11) 38... Qxd6 39. exd6) 37... Qxf6 $17 38. exf6+ {[%mdl 4096] Endgame KRN-KBN} Kh7 $1 39. Ne5 Rd6 $1 40. f7 (40. Kf2 {might work better.}) 40... Kg7 $19 41. Nf3 $2 (41. Bb5 {is a better defense.}) 41... Nb3 42. Ng5 Nd2 (42... Nxd4 43. Nh7 $17) 43. Be6 {intending Nh7!} Rd8 (43... Rxd4 44. Nh7 $1 $15 {[%mdl 512]}) 44. Kf2 Kf6 (44... Rxd4 45. Nh7 $1 $15 {[%mdl 512]}) 45. Bd7 Ne4+ $1 ({Wrong is} 45... Kxg5 $2 46. Be8 $18) 46. Nxe4+ fxe4 {KR-KB} (46... Kxf7 $19 {is more deadly.} 47. Bxa4 (47. Ng5+ $2 Kf6 $19) 47... fxe4) 47. Be8 $17 {[#]} Ke7 (47... Kg7 $1 $17 48. Ke3 Rc8 49. Bxa4 Rc3+ 50. Kxe4 Kxf7) 48. Ke3 $11 Rb8 {aiming for ...b5.} 49. Bxa4 ({Avoid the trap} 49. Kxe4 $2 b5 $19) 49... b5 50. Bb3 Ra8 51. Kxe4 Rxa3 52. Be6 $1 {Threatens to win with d5.} Ra1 53. d5 Rd1 $2 (53... Rf1 $1 $11 {and Black has nothing to worry.}) 54. Ke5 $18 {Hoping for d6+!} Rf1 $2 (54... Re1+ 55. Kd4 Rf1) 55. d6+ {White is clearly winning.} Kf8 56. Kd5 Rf6 {[#]} 57. d7 $1 {[%cal Rd7d8]} Ke7 58. Kc6 Rf2 59. Kxb5 Rb2+ 60. Kc6 Rb8 61. Kc7 {Accuracy: White = 71%, Black = 59%.} 1-0

[Event "82nd Tata Steel Masters 2020"]
[Site "Wijk aan Zee"]
[Date "2020.01.19"]
[Round "8.7"]
[White "Giri, Anish"]
[Black "Artemiev, Vladislav"]
[Result "1/2-1/2"]
[WhiteElo "2768"]
[BlackElo "2731"]
[Annotator "TA"]
[PlyCount "77"]
[EventDate "2020.01.11"]
[EventType "tourn"]
[EventCountry "NED"]
[SourceTitle "playchess.com"]
[Source "ChessBase"]
[SourceQuality "1"]

{[%evp 13,77,10,34,30,40,32,40,32,49,14,20,24,22,8,15,14,16,11,10,11,11,15,17,16,18,14,0,0,9,0,17,0,15,-10,-12,-16,-20,-10,-5,2,12,-8,-9,-52,-41,-52,-25,-33,0,-6,0,0,0,0,0,0,4,0,5,0,23,0,0,0,0,-8]} 1. d4 d5 2. c4 c6 3. Nf3 Nf6 4. Nc3 e6 5. Bg5 Nbd7 6. e3 Qa5 7. cxd5 Nxd5 8. Rc1 {D52: Queen's Gambit Declined: Cambridge Springs Variation} Bb4 {[%cal Rd5c3]} (8... Nxc3 9. bxc3 Ba3 10. Rc2 b6 11. Be2 Ba6 12. O-O O-O 13. c4 Rfe8 14. e4 Bf8 15. Bd3 e5 {1-0 (39) Ding,L (2811)-Shankland,S (2705) chess.com INT 2019}) 9. a3 Bxc3+ 10. bxc3 {White is slightly better.} b6 11. Qd2 h6 12. Bh4 c5 13. Be2 Ba6 14. c4 {[#] Strongly threatening Qxa5.} Qxd2+ 15. Nxd2 Ne7 16. f3 {[#]} Rc8 $146 ({Predecessor:} 16... cxd4 17. exd4 Rc8 18. O-O {½-½ (31) Potkin,V (2663)-Dreev,A (2677) Eilat 2012}) 17. O-O Nf5 18. Bf2 cxd4 19. exd4 O-O 20. Rfd1 Rfd8 21. g4 Ne7 22. Bg3 f5 23. a4 fxg4 24. fxg4 Nf6 25. Bf2 Ng6 26. h3 e5 27. dxe5 Nxe5 28. Bg3 Nd3 29. Rc2 Nc5 30. Bf2 Bb7 {[#]} 31. a5 $1 {[%mdl 512]} bxa5 32. Ra1 a4 33. Bxc5 Rxc5 34. Rxa4 Re5 35. Bf1 a6 36. c5 Rc8 37. Nb3 Bd5 38. Nd4 Be4 39. Rf2 {Accuracy: White = 62%, Black = 67%.} 1/2-1/2

[Event "82nd Tata Steel Masters 2020"]
[Site "Wijk aan Zee"]
[Date "2020.01.21"]
[Round "9.1"]
[White "Firouzja, Alireza"]
[Black "Carlsen, Magnus"]
[Result "0-1"]
[WhiteElo "2723"]
[BlackElo "2872"]
[Annotator "TA"]
[PlyCount "78"]
[EventDate "2020.01.11"]
[EventType "tourn"]
[EventCountry "NED"]
[SourceTitle "playchess.com"]
[Source "ChessBase"]
[SourceQuality "1"]

{[%evp 23,78,20,20,18,22,-10,-8,-26,-16,-28,-14,-19,-18,-17,-33,-26,-18,-50,-49,-56,-54,-55,-56,-93,-88,-81,-78,-88,-87,-81,-86,-116,-114,-111,-101,-130,-127,-112,-111,-178,-143,-263,-250,-242,-242,-353,-328,-328,-366,-343,-363,-350,-364,-358,-338,-318,-177]} 1. e4 e5 2. Nf3 Nc6 3. Bb5 Nf6 4. d3 d6 5. c3 a6 6. Ba4 Be7 7. O-O O-O 8. Re1 Re8 9. Nbd2 Bf8 10. h3 b5 11. Bc2 Bb7 12. d4 g6 13. a3 {C92: Closed Ruy Lopez: 9...Be6, Karpov and Flohr-Zaitsev Variations.} Nb8 14. d5 c6 15. c4 {The position is equal.} Nbd7 {[#]} 16. a4 $146 ({Predecessor:} 16. b4 Nb6 17. dxc6 Bxc6 18. cxb5 axb5 19. Bb3 Bg7 20. Ra2 d5 21. exd5 Nfxd5 {1-0 (47) Shadrina,T (2416)-Kosintseva,T (2497) St Petersburg 2009}) 16... Qc7 17. b3 Rec8 {[%cal Rc6d5]} 18. Ra2 bxc4 19. bxc4 a5 20. Nf1 Ba6 21. Ne3 Nc5 22. Nd2 cxd5 23. cxd5 Rab8 24. Ba3 Qd8 25. Qf3 h5 26. Raa1 Bh6 27. Rab1 Rxb1 28. Rxb1 Kg7 29. Nef1 h4 30. Ne3 Bf4 31. Nef1 (31. Ra1 $17) 31... Qc7 $19 32. g3 (32. Re1 $17) 32... hxg3 33. fxg3 Bh6 34. h4 (34. Kg2 $142) 34... Qd7 35. Kg2 Nxa4 36. Bxa4 Qxa4 37. Bxd6 Qd4 38. Qf2 Qxf2+ 39. Kxf2 Bxf1 {Accuracy: White = 53%, Black = 96%.} (39... Ng4+ $142 40. Ke1 Bd3) 0-1

[Event "82nd Tata Steel Masters 2020"]
[Site "Wijk aan Zee"]
[Date "2020.01.21"]
[Round "9.2"]
[White "Artemiev, Vladislav"]
[Black "Yu, Yangyi"]
[Result "1/2-1/2"]
[WhiteElo "2731"]
[BlackElo "2726"]
[Annotator "TA"]
[PlyCount "99"]
[EventDate "2020.01.11"]
[EventType "tourn"]
[EventCountry "NED"]
[SourceTitle "playchess.com"]
[Source "ChessBase"]
[SourceQuality "1"]

{[%evp 12,99,30,26,24,9,41,37,51,43,30,20,49,38,51,35,33,28,28,40,31,27,39,30,26,30,64,64,82,78,103,91,79,84,105,117,114,88,37,32,84,84,133,133,155,144,171,160,145,145,145,140,149,116,139,136,136,138,139,140,202,97,141,100,100,18,18,18,18,22,33,0,0,0,33,0,40,0,0,0,0,0,0,0,0,0,0,0,0,0]} 1. Nf3 d5 2. g3 g6 3. Bg2 Bg7 4. d4 Nf6 5. O-O O-O 6. c4 c5 7. dxc5 dxc4 {D77: Fianchetto Grünfeld: 6 0-0: Replies other than 6...c6} 8. Nc3 (8. Na3 c3 9. Nb5 Na6 10. Nxc3 Nxc5 11. Be3 Nce4 12. Nxe4 Nxe4 13. Bd4 Bxd4 14. Qxd4 Qxd4 15. Nxd4 Nd6 16. Rac1 {½-½ (36) Meier,G (2621)-Li,C (2699) chess.com INT 2019}) 8... Nc6 9. Qa4 Qa5 {White is slightly better.} 10. Qxa5 Nxa5 11. Rd1 Bf5 $146 ({Predecessor:} 11... Bd7 12. Be3 Bc6 {½-½ (22) Hoeppenstein,M (2336)-Almarza Mato,C (2165) ICCF email 2015}) 12. Be3 Ng4 13. Bg5 Nc6 14. h3 Nge5 $1 15. Nxe5 Bxe5 16. g4 Be6 17. Bxc6 bxc6 18. Bxe7 Rfe8 19. Bd6 Bg7 20. e4 f5 21. gxf5 gxf5 22. e5 Kf7 23. f4 Bh6 24. Rd4 Rg8+ (24... a6 $16) 25. Kf2 $14 Rg6 ({Black should try} 25... a5 $14) 26. Rg1 $16 Rxg1 27. Kxg1 Rd8 28. Kf2 Rd7 29. Ke3 Rb7 30. Rd2 Rb4 31. Rg2 Ke8 32. Rf2 Kf7 33. Kf3 Kg6 34. Kg3 Kf7 35. Rd2 Bc8 (35... Kg6 $16 {might work better.} 36. Kf3 Rb7) 36. Bc7 (36. Ne2 $18 {is more deadly.}) 36... Be6 {[#]} 37. Kf3 $1 Bf8 38. a3 ({White should play} 38. Bd6 $16) 38... Rb7 $11 39. Bd6 Bh6 40. Ke3 Kg6 41. Ne2 Rb3+ 42. Nc3 Rb7 43. Kf3 Kh5 44. h4 Kg6 {The position is equal.} 45. a4 a6 46. a5 Kf7 47. Ke3 Ke8 48. Rg2 Kf7 49. Rc2 Ke8 50. Rg2 {Accuracy: White = 54%, Black = 72%.} 1/2-1/2

[Event "82nd Tata Steel Masters 2020"]
[Site "Wijk aan Zee"]
[Date "2020.01.21"]
[Round "9.3"]
[White "Anand, Viswanathan"]
[Black "Dubov, Daniil"]
[Result "1/2-1/2"]
[WhiteElo "2758"]
[BlackElo "2683"]
[Annotator "TA"]
[PlyCount "37"]
[EventDate "2020.01.11"]
[EventType "tourn"]
[EventCountry "NED"]
[SourceTitle "playchess.com"]
[Source "ChessBase"]
[SourceQuality "1"]

{[%evp 15,37,7,15,3,25,5,20,20,14,13,39,0,0,0,0,0,0,-13,28,12,29,25,39,31]} 1. e4 c5 2. Nf3 Nc6 3. Bb5 g6 4. O-O Bg7 5. c3 Nf6 6. Re1 O-O 7. d4 d5 8. e5 Ne4 9. Be3 $146 {B31: Sicilian: 2...Nc6 3 Bb5 g6} (9. dxc5 Bg4 10. Bf4 f6 11. e6 Nxc5 12. h3 Bxe6 13. Nd4 Nxd4 14. cxd4 Ne4 15. f3 Nd6 16. Rxe6 Nxb5 {0-1 (41) Svidler,P (2753)-Gelfand,B (2703) Jerusalem 2018}) 9... Qb6 10. Bxc6 (10. Na3 {seems wilder.} cxd4 11. Nxd4 Nxe5 12. f3 a6 13. fxe4 axb5 14. Ndxb5 d4 15. Bxd4 Qa5 16. h3) 10... Qxc6 11. dxc5 {The position is equal.} Bg4 12. Nbd2 Nxd2 13. Bxd2 (13. Qxd2 $14 Bxf3 14. gxf3) 13... Qxc5 $11 14. Be3 Qc6 15. h3 Bxf3 $1 16. Qxf3 Qb5 17. Bd4 e6 18. a4 Qd7 19. a5 1/2-1/2

[Event "82nd Tata Steel Masters 2020"]
[Site "Wijk aan Zee"]
[Date "2020.01.21"]
[Round "9.4"]
[White "Vitiugov, Nikita"]
[Black "Caruana, Fabiano"]
[Result "1/2-1/2"]
[WhiteElo "2747"]
[BlackElo "2822"]
[Annotator "TA"]
[PlyCount "45"]
[EventDate "2020.01.11"]
[EventType "tourn"]
[EventCountry "NED"]
[SourceTitle "playchess.com"]
[Source "ChessBase"]
[SourceQuality "1"]

{[%evp 13,45,0,0,0,0,0,0,0,0,0,0,0,0,0,19,0,21,21,21,23,46,19,19,19,23,19,19,19,20,25,20,20,23,25]} 1. d4 Nf6 2. c4 e6 3. Nc3 Bb4 4. Qc2 O-O 5. e4 d5 6. e5 Ne4 7. Bd3 c5 $1 {[%cal Rc5d4]} 8. Nf3 {E32: Nimzo-Indian: Classical (4 Qc2): 4...0-0} cxd4 9. Nxd4 Nd7 10. Bf4 {The position is equal.} Qh4 11. g3 Qh5 12. O-O g5 13. cxd5 gxf4 (13... Bxc3 14. bxc3 exd5 15. Be3 Nxe5 {1-0 (29) Mamedyarov,S (2772)-Gelfand,B (2684) Moscow 2019}) 14. dxe6 Nxc3 15. exd7 Bxd7 $146 {[#] ...Ba4 is the strong threat.} ({Predecessor:} 15... fxg3 16. hxg3 Bxd7 {½-½ (25) Richardt,M (2171)-Morosi,D (2079) ICCF email 2015}) 16. bxc3 fxg3 17. hxg3 (17. Bxh7+ $5 Qxh7 18. Qxh7+ Kxh7 19. cxb4 $16) 17... Rac8 18. Bf5 Bxc3 19. Qd1 Qxd1 20. Raxd1 Rc4 21. Bxd7 Rxd4 22. Rxd4 Bxd4 23. Rb1 {Accuracy: White = 88%, Black = 84%.} 1/2-1/2

[Event "82nd Tata Steel Masters 2020"]
[Site "Wijk aan Zee"]
[Date "2020.01.21"]
[Round "9.5"]
[White "So, Wesley"]
[Black "Giri, Anish"]
[Result "1/2-1/2"]
[WhiteElo "2765"]
[BlackElo "2768"]
[Annotator "TA"]
[PlyCount "61"]
[EventDate "2020.01.11"]
[EventType "tourn"]
[EventCountry "NED"]
[SourceTitle "playchess.com"]
[Source "ChessBase"]
[SourceQuality "1"]

{[%evp 20,61,10,10,10,0,6,6,12,12,8,10,14,12,5,9,39,21,33,33,36,0,28,0,0,0,0,0,0,0,0,0,0,0,0,0,0,4,1,0,0,0,0,0]} 1. c4 c6 2. d4 Nf6 3. Nc3 d5 4. cxd5 cxd5 5. Bf4 Nc6 6. Nf3 Bf5 7. e3 e6 8. Qb3 Bb4 9. Bb5 O-O 10. Bxc6 Bxc3+ 11. Qxc3 Rc8 {[%mdl 64] [#] Pin. D14: Slav Defence: Exchange variation with ...Bf5} 12. Ne5 Ng4 13. Nxg4 {Threatens to win with Qb4.} Bxg4 14. Qb4 Rxc6 15. Qxb7 Qc8 16. Qxc8 Rfxc8 17. O-O a5 {[#]} 18. b3 $146 ({Predecessor:} 18. f3 Bf5 19. Rfe1 {½-½ (32) Kramnik,V (2772)-Anand,V (2783) Bonn 2008}) 18... f6 19. f3 Bf5 20. Rfe1 Bg6 21. e4 dxe4 {The position is equal.} 22. fxe4 Rd8 23. Rad1 Rc2 24. e5 fxe5 25. Bxe5 Rxa2 26. Ra1 Rxa1 27. Rxa1 Rd5 28. Rc1 Rb5 29. Rc8+ Kf7 30. Rb8 Rxb8 31. Bxb8 {Accuracy: White = 66%, Black = 44%.} 1/2-1/2

[Event "82nd Tata Steel Masters 2020"]
[Site "Wijk aan Zee"]
[Date "2020.01.21"]
[Round "9.6"]
[White "Kovalev, Vladislav"]
[Black "Van Foreest, Jorden"]
[Result "1/2-1/2"]
[WhiteElo "2660"]
[BlackElo "2644"]
[Annotator "TA"]
[PlyCount "136"]
[EventDate "2020.01.11"]
[EventType "tourn"]
[EventCountry "NED"]
[SourceTitle "playchess.com"]
[Source "ChessBase"]
[SourceQuality "1"]

{[%evp 9,136,29,25,0,21,0,1,9,16,10,0,-69,-59,-70,-103,-162,-157,-153,-154,-162,-156,-156,-160,-160,-160,-152,-159,-151,-136,-140,-133,-140,-140,-134,-134,-140,-131,-129,-115,-140,-148,-143,-139,-157,-157,-222,-150,-150,-150,-142,-132,-222,-222,-303,-303,-341,-337,-326,-306,-245,-222,-222,-222,-222,-222,-222,-222,-222,-222,-222,-222,-222,-222,-222,-222,-222,-222,-222,-222,-222,-222,-222,-222,-222,-222,-222,0,-222,-222,-222,-222,-222,-222,-222,-222,-222,-222,-222,-222,-222,-222,-222,-222,-222,-222,-222,-222,-222,-222,-222,-222,-222,-222,-222,-222,-222,-222,-222,-222,-222,-222,-222,-222,-222,-222,-222,-217,-217,-126]} 1. e4 c5 2. Nf3 d6 3. d4 cxd4 4. Nxd4 Nf6 5. Nc3 a6 6. Qe2 {B90: Sicilian Najdorf: Unusual White 6th moves, 6 Be3 Ng4 and 6 Be3 e5} (6. Be3 e5 7. Nb3 Be6 8. f3 h5 9. Nd5 Bxd5 10. exd5 Nbd7 11. Qd2 g6 12. O-O-O Bg7 13. Kb1 Qc7 14. Be2 O-O 15. g4 Rfc8 16. Rc1 hxg4 17. fxg4 {1-0 (55) Dominguez Perez,L (2758)-Giri,A (2769) Moscow 2019}) 6... g6 7. Bg5 Bg7 8. O-O-O {The position is equal.} O-O 9. e5 dxe5 {[#]} 10. Nf3 $146 (10. Nf5 $1 $11 {[%mdl 512]} Qc7 (10... Bxf5 11. Rxd8) 11. Nxg7 Kxg7 12. Qe3) ({Predecessor:} 10. Ne6 Bxe6 11. Rxd8 Rxd8 12. Qxe5 Nc6 13. Qe1 Rac8 {½-½ (40) Czebe,A (2461)-Papp,G (2545) Szombathely 2010}) 10... Nbd7 11. Nxe5 Qa5 12. f4 (12. Bxf6 $17 Nxf6 13. Nc4) 12... Nxe5 $19 13. Qxe5 b5 $1 14. Qxe7 Re8 15. Qa3 Qxa3 16. bxa3 Ng4 17. Nd5 Nf2 18. Nc7 Bg4 19. Nxe8 {Strongly threatening Nc7.} Bxd1 (19... Rxe8 20. Bxb5 axb5 21. Rhe1 $17) 20. Nxg7 {[#] Black must now prevent Rg1.} Rc8 $1 {[%cal Rc8c2]} ({Much worse is} 20... Nxh1 $6 21. Kxd1 Kxg7 22. Bh4 $11) (20... Kxg7 $6 21. Bh4 $11) 21. c4 Nxh1 ({Much less strong is} 21... Kxg7 22. Rg1 $15) 22. Kxd1 {[#]} Nf2+ $1 23. Ke1 {Hoping for Ne8.} Ne4 24. cxb5 Nxg5 25. fxg5 ({But not} 25. bxa6 $2 Ne4 $19) 25... axb5 26. Nh5 gxh5 27. Bxb5 $17 {[%mdl 4096] Endgame KR-KB} (27. Kf2 $17) 27... Rc5 28. a4 Rxg5 29. Kf2 h4 30. h3 (30. Bd3 $17 {was worth a try.}) 30... Kg7 $19 31. Kg1 Kf6 32. Kh2 Rg3 33. Bc4 Rc3 34. Bd5 Rd3 35. Be4 Ra3 36. Bxh7 Rxa4 37. Bd3 Rxa2 38. Be4 Ke5 39. Bf3 f5 40. Bb7 Kd6 41. Bf3 Rb2 42. Ba8 Rb3 43. Kg1 Ra3 44. Bb7 Ra1+ 45. Kh2 Rb1 46. Bf3 Rb8 47. Kg1 Rb3 48. Ba8 $1 Rb1+ {Black is clearly better.} 49. Kh2 Rf1 50. Bb7 Kc7 51. Ba8 Rd1 52. Bf3 Rd3 {aiming for ...Rxf3.} 53. Ba8 Kb6 54. Kg1 Kc5 55. Kh2 Rb3 56. Kg1 Kd4 57. Kh2 Ke3 58. Bd5 Rb4 59. Bf3 {[#]} Re4 $1 {[%mdl 512]} 60. Kg1 (60. Bxe4 fxe4) 60... Kd2 61. Kh2 Kd3 62. Kh1 Kc2 63. Kh2 Kd2 64. Kh1 Rf4 {( -> ...Rxf3!)} 65. Ba8 Rf1+ 66. Kh2 Ke3 67. Bb7 f4 68. Bc6 f3 {Accuracy: White = 67%, Black = 88%.} ({Better is} 68... Rc1 $19 69. Bf3 Rc2) 1/2-1/2